[Event "COL-ch sf"]
[Site "Pereira"]
[Date "2024.03.29"]
[Round "6"]
[White "Gomez Diaz, Hector Javier"]
[Black "Gonzalez Mojica, Renan Arturo"]
[Result "0-1"]
[WhiteElo "1730"]
[BlackElo "1988"]
[PlyCount "86"]
[EventDate "2024.03.26"]
[EventType "swiss"]
[EventRounds "11"]
[EventCountry "COL"]
[SourceTitle "CB14_2024"]
[SourceDate "2024.04.01"]
[SourceVersion "1"]
[SourceVersionDate "2024.04.01"]
[SourceQuality "1"]

1. d4 d6 2. Bf4 Nf6 3. h3 g6 4. e3 Bg7 5. Nf3 0-0 6. Be2 Nbd7 7. 0-0 c5 8. c3 b6 9. Nbd2 Bb7 10. Re1 Re8 11. Rc1 e5 12. dxe5 dxe5 13. Bg5 e4 14. Nh2 h6 15. Bxf6 Nxf6 16. Qc2 Qe7 17. Rcd1 Nd5 18. Ndf1 Rad8 19. Bb5 Rf8 20. Ng3 f5 21. Bc4 Kh7 22. Qb3 Nc7 23. Rxd8 Rxd8 24. Rd1 b5 25. Bf1 Bd5 26. Qc2 Be5 27. Ne2 Ne6 28. g3 g5 29. Bg2 Bc4 30. Rxd8 Nxd8 31. b3 Bd3 32. Qd1 c4 33. Nd4 Bxd4 34. exd4 b4 35. Qd2 e3 36. fxe3 bxc3 37. Qc1 cxb3 38. axb3 Qb4 39. Bd5 c2 40. Nf3 Qd6 41. Ne5 Qxd5 42. Nxd3 Qxb3 43. Ne1 Qb1 0-1

[Event "COL-ch sf"]
[Site "Pereira"]
[Date "2024.03.27"]
[Round "3"]
[White "Gomez Diaz, Hector Javier"]
[Black "Giraldo Bejarano, Alejandro"]
[Result "1/2-1/2"]
[WhiteElo "1730"]
[BlackElo "1454"]
[PlyCount "47"]
[EventDate "2024.03.26"]
[EventType "swiss"]
[EventRounds "11"]
[EventCountry "COL"]
[SourceTitle "CB14_2024"]
[SourceDate "2024.04.01"]
[SourceVersion "1"]
[SourceVersionDate "2024.04.01"]
[SourceQuality "1"]

1. d4 d5 2. Bf4 Nc6 3. e3 a6 4. Nf3 Bf5 5. c3 e6 6. h3 Nf6 7. Be2 Bd6 8. Bxd6 cxd6 9. 0-0 0-0 10. Nbd2 Re8 11. a3 e5 12. dxe5 dxe5 13. Rc1 Rc8 14. Re1 Qd6 15. Nf1 Rcd8 16. Ng3 Bg6 17. Nh4 d4 18. Nxg6 fxg6 19. exd4 exd4 20. Bc4+ Kh8 21. Rxe8+ Rxe8 22. cxd4 Qxd4 23. Qxd4 Nxd4 24. Bf1 1/2-1/2

[Event "Manizales Americas op"]
[Site "Manizales"]
[Date "2022.10.16"]
[Round "6"]
[White "Vanegas, Josue"]
[Black "Gomez Diaz, Hector Javier"]
[Result "1-0"]
[WhiteElo "1776"]
[BlackElo "1550"]
[PlyCount "87"]
[EventDate "2022.10.14"]
[EventType "swiss"]
[EventRounds "8"]
[EventCountry "COL"]
[SourceTitle "CBM 210 Extra"]
[Source "ChessBase"]
[SourceDate "2022.11.30"]
[SourceVersion "1"]
[SourceVersionDate "2022.11.30"]
[SourceQuality "1"]

1. c4 c5 2. Nc3 e6 3. e4 Nc6 4. Nge2 Be7 5. d4 cxd4 6. Nxd4 d6 7. Be2 Nf6 8. 0-0 0-0 9. Be3 Nxd4 10. Qxd4 b6 11. Rfd1 Bb7 12. f3 Nd7 13. Nb5 d5 14. cxd5 exd5 15. exd5 Bc5 16. Qd2 Bxe3+ 17. Qxe3 Qf6 18. Qd4 Qg5 19. Nd6 Rab8 20. Nxb7 Rxb7 21. Rac1 h6 22. Ba6 Rbb8 23. Rc7 Nf6 24. Rxa7 Nh5 25. Qd2 Qf6 26. Rc7 Rfd8 27. Rdc1 Nf4 28. Rc8 Qd6 29. Rxb8 Rxb8 30. Bf1 Nxd5 31. Kh1 Rd8 32. Bc4 Rc8 33. Bxd5 Rxc1+ 34. Qxc1 Qxd5 35. a3 b5 36. h3 Qd3 37. Qe1 f6 38. Qe8+ Kh7 39. Qe4+ Qxe4 40. fxe4 Kg6 41. b3 Kf7 42. Kg1 Ke6 43. Kf2 Ke5 44. Ke3 1-0

[Event "Manizales Americas op"]
[Site "Manizales"]
[Date "2022.10.14"]
[Round "1"]
[White "Gomez Diaz, Hector Javier"]
[Black "Zuluaga A, Ernesto Uriel"]
[Result "0-1"]
[WhiteElo "1550"]
[BlackElo "2011"]
[PlyCount "50"]
[EventDate "2022.10.14"]
[EventType "swiss"]
[EventRounds "8"]
[EventCountry "COL"]
[SourceTitle "CBM 210 Extra"]
[Source "ChessBase"]
[SourceDate "2022.11.30"]
[SourceVersion "1"]
[SourceVersionDate "2022.11.30"]
[SourceQuality "1"]

1. d4 Nf6 2. Bf4 e6 3. e3 b6 4. c3 Bb7 5. h3 Be7 6. Nf3 0-0 7. Bd3 c5 8. Nbd2 Nc6 9. 0-0 d6 10. Bc2 Rc8 11. Re1 Re8 12. Rc1 Bf8 13. Bg5 h6 14. Bxf6 Qxf6 15. Ne4 Qe7 16. Ng3 g6 17. e4 cxd4 18. Nxd4 Ne5 19. f4 Nc4 20. Bb3 a6 21. Bxc4 Rxc4 22. Qg4 d5 23. exd5 Bxd5 24. Nf3 Bg7 25. Kh2 h5 0-1

[Event "COL-ch Amateurs U1700"]
[Site "Bogota"]
[Date "2021.06.26"]
[Round "6"]
[White "Gomez Diaz, Hector Javier"]
[Black "Arias Arias, Yeison"]
[Result "1-0"]
[WhiteElo "1560"]
[BlackElo "1643"]
[PlyCount "91"]
[EventDate "2021.06.23"]
[EventType "swiss"]
[EventRounds "7"]
[EventCountry "COL"]
[SourceTitle "CBM 203 Extra"]
[Source "ChessBase"]
[SourceDate "2021.09.30"]
[SourceVersion "1"]
[SourceVersionDate "2021.09.30"]
[SourceQuality "1"]

1. d4 Nf6 2. Bf4 d5 3. e3 Bf5 4. c3 e6 5. h3 h6 6. Nf3 Bd6 7. Bxd6 Qxd6 8. Bd3 Bxd3 9. Qxd3 a6 10. 0-0 Nbd7 11. Nbd2 Rg8 12. e4 dxe4 13. Nxe4 Qd5 14. Rfe1 Nxe4 15. Qxe4 Qxe4 16. Rxe4 0-0-0 17. Rae1 g5 18. Ne5 Nxe5 19. Rxe5 c6 20. f3 Rd5 21. Kf2 Kd7 22. g4 Rxe5 23. Rxe5 f6 24. Re2 Re8 25. a3 b5 26. Ke3 Kd6 27. Kd3 a5 28. b3 Rc8 29. c4 Rc7 30. Rc2 Rb7 31. cxb5 Rxb5 32. Kc4 e5 33. dxe5+ fxe5 34. Rd2+ Rd5 35. Rd3 Rxd3 36. Kxd3 Kd5 37. Ke3 c5 38. Kd3 Kd6 39. Kc4 Kc6 40. a4 Kb6 41. Kd5 c4 42. bxc4 Kc7 43. c5 Kd7 44. c6+ Kc7 45. Kc5 Kc8 46. Kb6 1-0

[Event "COL-ch sf1"]
[Site "Medellin"]
[Date "2019.04.20"]
[Round "9"]
[White "Gomez Saenz, Manuela"]
[Black "Gomez Diaz, Hector Javier"]
[Result "1-0"]
[WhiteElo "1539"]
[BlackElo "1649"]
[PlyCount "57"]
[EventDate "2019.04.16"]
[EventType "swiss"]
[EventRounds "10"]
[EventCountry "COL"]
[SourceTitle "CBM 190 Extra"]
[Source "ChessBase"]
[SourceDate "2019.07.15"]
[SourceVersion "1"]
[SourceVersionDate "2019.07.15"]
[SourceQuality "1"]

1. e4 c5 2. Nf3 e6 3. d4 cxd4 4. Nxd4 a6 5. Nc3 Qc7 6. Be3 Ba3 7. Ncb5 axb5 8. Nxb5 Qa5+ 9. Bd2 Bb4 10. Nd6+ Kf8 11. Nxc8 Bxd2+ 12. Qxd2 Qxd2+ 13. Kxd2 Nc6 14. Nb6 Rd8 15. Bb5 Nf6 16. f3 d5 17. Rad1 dxe4+ 18. Ke3 exf3 19. Bxc6 Rxd1 20. Rxd1 bxc6 21. Rd8+ Ne8 22. Kxf3 Ke7 23. Rd7+ Kf6 24. a4 e5 25. a5 Ke6 26. a6 Nd6 27. a7 Nc4 28. Rb7 Nd6 29. Rb8 1-0

[Event "COL-ch sf1"]
[Site "Medellin"]
[Date "2019.04.19"]
[Round "6"]
[White "Gomez Diaz, Hector Javier"]
[Black "Rojas Castillo, Andrea Lizeth"]
[Result "0-1"]
[WhiteElo "1649"]
[BlackElo "1688"]
[PlyCount "40"]
[EventDate "2019.04.16"]
[EventType "swiss"]
[EventRounds "10"]
[EventCountry "COL"]
[SourceTitle "CBM 190 Extra"]
[Source "ChessBase"]
[SourceDate "2019.07.15"]
[SourceVersion "1"]
[SourceVersionDate "2019.07.15"]
[SourceQuality "1"]

1. d4 Nf6 2. Nf3 b6 3. Bf4 Bb7 4. e3 e6 5. h3 Be7 6. Bd3 d6 7. 0-0 0-0 8. Nbd2 Nbd7 9. c4 c5 10. Rc1 Rc8 11. Re1 Re8 12. Qc2 cxd4 13. exd4 Nf8 14. b3 Ng6 15. Bh2 d5 16. Bxg6 hxg6 17. Ne5 dxc4 18. bxc4 Qxd4 19. Ndf3 Bxf3 20. Nxf3 Qc5 0-1

[Event "COL-ch sf1"]
[Site "Medellin"]
[Date "2019.04.18"]
[Round "4"]
[White "Gomez Diaz, Hector Javier"]
[Black "Rosado Perez, Maria Jose"]
[Result "1/2-1/2"]
[WhiteElo "1649"]
[BlackElo "1846"]
[PlyCount "95"]
[EventDate "2019.04.16"]
[EventType "swiss"]
[EventRounds "10"]
[EventCountry "COL"]
[SourceTitle "CBM 190 Extra"]
[Source "ChessBase"]
[SourceDate "2019.07.15"]
[SourceVersion "1"]
[SourceVersionDate "2019.07.15"]
[SourceQuality "1"]

1. d4 Nf6 2. Nf3 e6 3. h3 d5 4. Bf4 Nbd7 5. e3 b6 6. Be2 Bb7 7. 0-0 c5 8. Nbd2 cxd4 9. exd4 Be7 10. c3 0-0 11. Ne5 Nxe5 12. Bxe5 Nd7 13. Nf3 Nxe5 14. Nxe5 Qc7 15. Bd3 g6 16. Re1 Bd6 17. Qg4 Bc8 18. Qh4 Qe7 19. Qxe7 Bxe7 20. c4 dxc4 21. Bxc4 Bb7 22. Rac1 Rfd8 23. Red1 Bg5 24. Rc3 Bf4 25. Nf3 Rac8 26. Bb3 Rxc3 27. bxc3 Bxf3 28. gxf3 Kg7 29. c4 Kf6 30. d5 a5 31. Ba4 Ke5 32. Re1+ Kd6 33. dxe6 fxe6 34. Rd1+ Kc7 35. Rxd8 Kxd8 36. Bc6 Kc7 37. Bb5 Kd6 38. Kf1 Bc1 39. a4 Ke5 40. Bd7 g5 41. Ke2 Ba3 42. Ke3 Bc5+ 43. Ke2 h6 44. Kf1 Kd4 45. Bxe6 Kc3 46. Ke2 Kb3 47. Bd7 Kxc4 48. Bb5+ 1/2-1/2

[Event "Bogota IRT Clasico Lab op"]
[Site "Bogota"]
[Date "2015.11.22"]
[Round "6.13"]
[White "Millan, John Alberto"]
[Black "Gomez Diaz, Hector Javier"]
[Result "0-1"]
[WhiteElo "2048"]
[BlackElo "1600"]
[PlyCount "83"]
[EventDate "2015.11.20"]
[EventType "swiss"]
[EventRounds "6"]
[EventCountry "COL"]
[SourceTitle "EXT 2024"]
[Source "ChessBase"]
[SourceDate "2023.10.10"]
[SourceVersion "1"]
[SourceVersionDate "2023.10.10"]
[SourceQuality "1"]

1. b4 e5 2. Bb2 d6 3. e3 Nf6 4. h3 Be7 5. Nf3 0-0 6. Bc4 h6 7. a3 a6 8. Ba2 Nc6 9. Qe2 Bf5 10. d3 e4 11. Nd4 Nxd4 12. Bxd4 Rc8 13. Nd2 c5 14. dxe4 cxd4 15. exf5 dxe3 16. fxe3 Rxc2 17. Qd3 Qc8 18. 0-0 Rc3 19. Qe2 Rxa3 20. e4 Qc6 21. Kh1 Kh8 22. Kh2 Ra4 23. Qf3 Rxb4 24. Rac1 Qb6 25. g4 Rb2 26. Rf2 Rxa2 27. Rg1 Qd4 28. Rgg2 Rb2 29. Qf4 Qe5 30. Nc4 Qxf4+ 31. Rxf4 Rxg2+ 32. Kxg2 d5 33. exd5 Nxd5 34. Re4 Bf6 35. Kf3 b5 36. Nd6 b4 37. Nc4 Nc3 38. Re1 b3 39. Nb2 a5 40. Ra1 Na2 41. Rb1 Bxb2 42. Rxb2 0-1

[Event "Bogota IRT Clasico Lab op"]
[Site "Bogota"]
[Date "2015.11.21"]
[Round "4.10"]
[White "Gomez Diaz, Hector Javier"]
[Black "Ceballos, Julio Cesar"]
[Result "0-1"]
[WhiteElo "1600"]
[BlackElo "1749"]
[PlyCount "56"]
[EventDate "2015.11.20"]
[EventType "swiss"]
[EventRounds "6"]
[EventCountry "COL"]
[SourceTitle "EXT 2024"]
[Source "ChessBase"]
[SourceDate "2023.10.10"]
[SourceVersion "1"]
[SourceVersionDate "2023.10.10"]
[SourceQuality "1"]

1. d4 c5 2. Nf3 cxd4 3. Qxd4 Nc6 4. Qd1 g6 5. Nc3 Bg7 6. Bd2 Nf6 7. e3 d6 8. Bb5 Bd7 9. 0-0 a6 10. Ba4 0-0 11. h3 b5 12. Bb3 Rc8 13. a3 Na5 14. Ba2 Nc4 15. Bxc4 Rxc4 16. b3 Rc5 17. Rc1 Qc8 18. Ne2 Ne4 19. Bb4 Rh5 20. Nf4 Rh6 21. h4 Bg4 22. g3 g5 23. Ng2 gxh4 24. Ngxh4 Ng5 25. Qd5 Bxf3 26. Nxf3 Qh3 27. Nh4 Rxh4 28. gxh4 Nf3+ 0-1